Brave new world / (Record no. 2)

MARC details
000 -LEADER
fixed length control field 01142cam a2200373Ia 4500
001 - CONTROL NUMBER
control field 74490211
003 - CONTROL NUMBER IDENTIFIER
control field OCoLC
005 - DATE AND TIME OF LATEST TRANSACTION
control field 20140408182527.0
008 - FIXED-LENGTH DATA ELEMENTS--GENERAL INFORMATION
fixed length control field 061027r20061932nyu 000 1 eng d
020 ## - INTERNATIONAL STANDARD BOOK NUMBER
International Standard Book Number 0060850523
020 ## - INTERNATIONAL STANDARD BOOK NUMBER
International Standard Book Number 9780060850524
035 ## - SYSTEM CONTROL NUMBER
System control number (OCoLC)74490211
040 ## - CATALOGING SOURCE
Original cataloging agency DPB
Transcribing agency DPB
Modifying agency BAKER
-- YDXCP
-- BTCTA
-- SUC
-- SX@
041 ## - LANGUAGE CODE
Language code of text/sound track or separate title spa
049 ## - LOCAL HOLDINGS (OCLC)
Holding library SX@A
082 04 - DEWEY DECIMAL CLASSIFICATION NUMBER
Classification number 823/.912
Edition number 22
099 ## - LOCAL FREE-TEXT CALL NUMBER (OCLC)
Classification number Huxley, A.
100 1# - MAIN ENTRY--PERSONAL NAME
Personal name Huxley, Aldous,
Dates associated with a name 1894-1963.
245 10 - TITLE STATEMENT
Title Brave new world /
Statement of responsibility, etc Aldous Huxley.
250 ## - EDITION STATEMENT
Edition statement 1st Harper Perennial Modern Classics ed.
260 ## - PUBLICATION, DISTRIBUTION, ETC. (IMPRINT)
Place of publication, distribution, etc New York ;
-- London :
Name of publisher, distributor, etc Harper Perennial Modern Classics,
Date of publication, distribution, etc 2006.
300 ## - PHYSICAL DESCRIPTION
Extent 259, 20 p. ;
Dimensions 21 cm.
500 ## - GENERAL NOTE
General note Originally published: Harper & Brothers Publishers, 1932.
650 #0 - SUBJECT ADDED ENTRY--TOPICAL TERM
Topical term or geographic name as entry element Passivity (Psychology)
Form subdivision Fiction.
650 #0 - SUBJECT ADDED ENTRY--TOPICAL TERM
Topical term or geographic name as entry element Genetic engineering
Form subdivision Fiction.
650 #0 - SUBJECT ADDED ENTRY--TOPICAL TERM
Topical term or geographic name as entry element Totalitarianism
Form subdivision Fiction.
650 #0 - SUBJECT ADDED ENTRY--TOPICAL TERM
Topical term or geographic name as entry element Collectivism
Form subdivision Fiction.
655 #7 - INDEX TERM--GENRE/FORM
Genre/form data or focus term Psychological fiction.
Source of term lcsh.
655 #7 - INDEX TERM--GENRE/FORM
Genre/form data or focus term Political fiction.
Source of term lcsh.
655 #7 - INDEX TERM--GENRE/FORM
Genre/form data or focus term Science fiction.
Source of term gsafd.
655 #7 - INDEX TERM--GENRE/FORM
Genre/form data or focus term Dystopias.
Source of term gsafd.
907 ## - LOCAL DATA ELEMENT G, LDG (RLIN)
a .b13936463
942 ## - ADDED ENTRY ELEMENTS (KOHA)
Source of classification or shelving scheme Dewey Decimal Classification
Item type Libro/Book
Holdings
Withdrawn status Lost status Source of classification or shelving scheme Damaged status Not for loan Home library Current library Date acquired Total Checkouts Full call number Date last seen Price effective from Koha item type
    Dewey Decimal Classification     San Juan Del Sur -- Biblioteca San Juan Del Sur -- Biblioteca 03/03/2014   823/.912 03/03/2014 03/03/2014 Libro/Book

Powered by Koha